000
00310nam a22001337a 4500
008
170623b xxu||||| |||| 00| 0 eng d
020
_a
9780321116222
041
_a
eng
080
_a
328
100
_a
21
101
_a
SHP
245
_a
AMERICAN GOVERNMENT IN A CHANGED WORLD
_c
DRESANG,D.L
942
_2
udc
_c
BK
999
_c
19078
_d
19078